000 00316nam a22001457a 4500
008 210301b ||||| |||| 00| 0 eng d
020 _a0395815304302161
041 _aeng
080 _23rd
_a510
082 _a510
100 _a36
101 _aMAT
245 _aCollege Algebra
_cAufmann, R. N
942 _2udc
_cBK
999 _c55319
_d55319